000 00537nam a22001817a 4500
005 20251108164044.0
008 250721s9999 xx 000 0 ara d
082 1 4 _a216,8/زهر
100 1 _aأبو زهرة، محمد
245 1 0 _aالجريمة و العقوبة في الفقه الإسلامي :
_bالجريمة /
264 1 _aالقاهرة :
_bالفكر العربي،
_c[19-].
300 _a478ص
650 1 7 _aالإسلام
650 1 7 _aالفقه
650 1 7 _aالعقوبات
942 _2ddc
_cBK
999 _c2483
_d2483